Tanks from the GuP universe - Statistics

General Stats
  • This quiz has been taken 29 times
    15 since last reset
  • The average score is 24 of 50
Answer Stats
Nazwa szkoły czołgi % Correct
Pravda KV-2
100%
Pravda T34-85
100%
Pravda T34-76
91%
Jatkosota T34-76
91%
Jatkosota KV-1
82%
Pravda IS-2
73%
Jatkosota Bt-42
64%
Ooarai PZ IV
64%
Kuromorimine Maus
64%
Kuromorimine PZ IV
64%
Ooarai M3LEE
55%
Saunders M4 SHERMAN
55%
Ooarai STUG III
55%
Kuromorimine TIGER II
55%
Ooarai TYPE89
55%
Kuromorimine PANTHER
55%
Kuromorimine PZ II
55%
Kuromorimine PZ III
55%
Saunders SHERMAN FIREFLY
55%
Jatkosota STUG III
55%
Kuromorimine TIGER I
55%
ST Gloriana CRUSADER
45%
BC freedom ARL44
45%
Ooarai PZ 38T/Hetzer
45%
Kuromorimine JAGDPANZER
45%
ST Gloriana MATILDA
45%
Anzio P40
45%
All-Stars University Team M26 PERSHING
45%
Jatkosota T26
45%
Chihatan TYPE 95
45%
Chihatan TYPE 97
45%
ST Gloriana CENTURION MK.1
36%
All-Stars University Team CENTURION MK.1
36%
Ooarai CHI-NU
36%
ST Gloriana CHURCHILL MK.VII
36%
BC freedom RENAULT FT17
36%
Kuromorimine JAGDPANTHER
36%
Kuromorimine JAGDTIGER
36%
BC freedom SOMUA S35
36%
Ooarai TIGER P
36%
Anzio L3
36%
Chihatan KA-MI
27%
Ooarai MARK I
27%
Ooarai RENAULT B1 BIS
27%
All-Stars University Team T28/T95
27%
Kuromorimine ELEFANT
18%
Anzio MI 13/40
18%
Anzio M40
18%
All-Stars University Team M24 CHAFFEE
18%
Chihatan TYPE 2 KA-MI
18%
No matching quizzes found
Score Distribution
Percent of People with Each Score
Percentile by Number Answered
Your Score History
You have not taken this quiz since the last reset